[Event "Madrid"]
[Site "Madrid"]
[Date "1996.05.15"]
[Round "7"]
[White "Topalov, Veselin"]
[Black "Azmaiparashvili, Zurab"]
[Result "1/2-1/2"]
[WhiteElo "2700"]
[BlackElo "2660"]
[Annotator "Wedberg,T"]
[PlyCount "108"]
[EventDate "1996.05.08"]
[EventType "tourn"]
[EventRounds "9"]
[EventCountry "ESP"]
[EventCategory "17"]
[SourceTitle "CBM 053"]
[Source "ChessBase"]
[SourceDate "1996.08.01"]
[SourceVersion "1"]
[SourceVersionDate "1996.08.01"]
[SourceQuality "1"]

1. e4 e5 2. Nf3 Nc6 3. Bb5 a6 4. Ba4 d6 5. c3 Bd7 6. d4 g6 7. O-O Bg7 8. Be3
Nf6 9. Nbd2 O-O (9... Ng4 10. Bg5 f6 11. Bh4 Ne7 12. h3 Nh6 13. Bb3 b5 14. Qe2
c5 15. dxc5 dxc5 16. Rfd1 $16 {Vladimirov,E-Smyslov,V/EU-Cup Moscow-ZSKA 1990/
1-0 (56)}) 10. dxe5 (10. Re1 Qe8 $2 (10... b5 $142 11. Bc2 h6) 11. Bxc6 $1 Bxc6
12. dxe5 Nxe4 (12... dxe5 $2 13. Bc5 $16) 13. Nxe4 Bxe4 14. exd6 cxd6 15. Ng5
Bc6 16. Qxd6 $16 {1-0 Adams,M-Barbero,G/Buenos Aires Najdorf (05) 1991 (40)})
10... Nxe5 11. Nxe5 dxe5 12. f3 Bxa4 13. Qxa4 Qd3 $10 14. Rfe1 Rfd8 15. Qb3 Qb5
16. Nc4 Ne8 17. Rad1 Bf6 18. Bf2 Ng7 19. Ne3 (19. Qxb5 axb5 20. Na3 c6 21. Bb6
Rxd1 22. Rxd1 Be7 $13) 19... Qxb3 20. axb3 Ne6 21. Ng4 (21. Nd5 Bg5 $10) 21...
Bg7 22. Bh4 g5 23. Bf2 Nf4 24. g3 Nd3 25. Re2 Nxf2 26. Rxd8+ Rxd8 27. Kxf2 f6
28. Ne3 {White has secured a nice square for his knight on f5. But the
position is still fairly even. The black bishop is not that bad, moreover is
rook and bishop generally better than rook and knight.} Kf7 29. Rc2 Bf8 30. Ke2
h5 31. Rc1 Bh6 32. Nf5 Kg6 33. Rf1 (33. Rd1 Rxd1 34. Kxd1 g4 $10) 33... Rd7 34.
b4 Kh7 35. Ne3 Kg6 36. Nd5 Kf7 37. h3 c6 38. Nb6 Rd8 39. Nc4 Ke6 40. Na5 $6 (
40. g4 h4 41. Na5 Rb8 42. Rd1 Bf8 $10 {Optically promising for White, but what
to do?}) 40... g4 $1 {The bishop is alive!} (40... Rd7 $6 41. Rd1 Rc7 42. Rd8
$16) 41. Nb3 (41. fxg4 hxg4 42. hxg4 Rd2+ $10) 41... h4 $1 42. fxg4 (42. gxh4
$2 g3 $17) 42... hxg3 43. Nc5+ Ke7 44. Nd3 b6 45. Rf3 c5 (45... Bf4 46. Kf1 (
46. Nxf4 $2 exf4 47. Rxf4 Rd2+ $1 $17) 46... c5 47. bxc5 bxc5 48. Kg2 Rb8 $13)
46. bxc5 bxc5 47. Kf1 (47. Rxg3 c4 48. Nc5 Rd2+ 49. Kf1 Rxb2 50. Nxa6 Rb1+ $10)
47... a5 48. Nxc5 Rd1+ 49. Kg2 Bf4 50. b4 Rd2+ 51. Kf1 Rd1+ 52. Kg2 Rd2+ 53.
Kf1 Rd1+ 54. Kg2 Rd2+ 1/2-1/2

[Event "RUS-Cup10"]
[Site "Tomsk"]
[Date "1997.07.27"]
[Round "6"]
[White "Ulybin, Mikhail"]
[Black "Yandemirov, Valeri"]
[Result "1-0"]
[WhiteElo "2535"]
[BlackElo "2500"]
[Annotator "Wedberg,T"]
[PlyCount "77"]
[EventDate "1997.07.21"]
[EventType "swiss"]
[EventRounds "9"]
[EventCountry "RUS"]
[SourceTitle "EXT 2000"]
[Source "ChessBase"]
[SourceDate "1999.11.16"]
[SourceVersion "1"]
[SourceVersionDate "1999.11.16"]
[SourceQuality "1"]

{Yandemirovs tries a new idea, but it simply fails.} 1. e4 e5 2. Nf3 Nc6 3. Bb5
a6 4. Ba4 d6 5. c3 g6 6. d4 Bd7 7. O-O Bg7 8. d5 Nce7 9. c4 Nf6 10. Bxd7+ Qxd7
11. Nc3 O-O 12. c5 Rad8 $146 {Aiming for a central break up with c6.} (12...
Rfd8 13. Qb3 Ne8 14. Be3 dxc5 15. Bxc5 Nd6 16. Rac1 $14 {Dolmatov,S-Yandemirov,
V/RUS-Cup7 1997/CBM 59/1-0 (39)}) (12... h6 13. cxd6 cxd6 14. Ne1 b5 15. f3 Nh5
16. Nd3 f5 17. exf5 Nxf5 18. g4 e4 19. Nxe4 Nh4 $13 {0-1 Galkin,A-Orlov,V/
URS-chJ Jurmala 1992/EXP 28 (27)}) 13. Bg5 c6 14. dxc6 Qxc6 15. cxd6 Rxd6 16.
Qb3 $14 {Black has achieved his aim, but the position is in Whites favour due
to the crummy positions of the black minor pieces.} h6 $6 (16... Re6 17. Rac1
Qb6 18. Qxb6 Rxb6 19. b3 h6 20. Be3 Re6 21. Rfd1 $14) 17. Nxe5 $1 Qc5 18. Bf4
Nh5 19. Nxf7 $1 Rxf7 (19... Rb6 20. Nxh6+ Kh7 21. Na4 Rxb3 22. Nxc5 Rxf4 23.
axb3 Kxh6 24. g3 $16) 20. Bxd6 Qxd6 21. Rad1 Qc7 22. g3 Nc6 23. Qe6 Nf6 24. f4
Qe7 25. Qxe7 Rxe7 26. e5 $16 {The white P:s form a powerful wedge into the
Black position, hemming the enemy pieces.} Nh7 27. Rd6 Nf8 28. Nd5 Re8 29. Rc1
$6 (29. Rd1 $1 Re6 (29... Kf7 30. Nf6 Re6 31. Nd7 $16) 30. Rxe6 Nxe6 31. Kf2
Kf7 32. Ke3 $16) 29... Rb8 30. Kg2 Re8 31. h4 (31. Nf6+ Bxf6 32. Rxf6 Rd8 $13)
31... Kf7 32. b4 (32. Nc7 Re7 33. Nxa6 Nxe5 34. Nc5 Ng4 35. Rd2 $13) 32... Re6
$1 33. Rxe6 Nxe6 34. a4 Ned4 $132 35. Rc4 Ke6 36. Nc3 Nb3 $2 (36... Nc2 $1 37.
Kf3 N2xb4 38. Ke4 h5 $11) 37. b5 Nba5 $2 $18 38. bxc6 bxc6 39. Rc5 1-0